Using functional grammar : an explorer's guide /

Uloženo v:
Podrobná bibliografie
Další autoři: Butt, David.
Médium: Kniha
Jazyk:English
Vydáno: Sydney : National centre for English language teaching and research, Macquarie University, 2000.
Vydání:2nd ed.
Témata:
Tagy: Přidat tag
Žádné tagy, Buďte první, kdo otaguje tento záznam!
Thư viện lưu trữ: Mạng thư viện Đại học Đà Nẵng
LEADER 00990cam a2200361 i 4500
001 000045506
003 4689
005 20030314132131.0
008 010220|2000 vm 000 eng
020 |a 1864085509 
040 |a IRC  |c IRC  |d IRC 
041 0 |a eng 
082 1 4 |a 415  |b Us-F 
245 0 0 |a Using functional grammar :  |b an explorer's guide /  |c David Butt,... 
250 |a 2nd ed. 
260 |a Sydney :  |b National centre for English language teaching and research, Macquarie University,  |c 2000. 
300 |a vii, 346p. 
630 0 4 |a Linguistics. 
650 0 4 |a English language  |x Grammar. 
650 0 4 |a Discourse analysis. 
650 0 4 |a Interpersonal relations. 
650 0 4 |a Functionalism (Linguistics) 
700 1 |a Butt, David. 
OWN |a DUT 
999 |a From the UDN01 
TYP |a Monograph 
TYP |a Printed language 
980 |a Mạng thư viện Đại học Đà Nẵng